Cambrian Line stations - Statistics

General Stats
  • This quiz has been taken 25 times
  • The average score is 23 of 34
Answer Stats
Answer % Correct
Aberystwyth
93%
Welshpool
93%
Borth
86%
Caersws
86%
Machynlleth
86%
Newtown
86%
Shrewsbury
86%
Barmouth
79%
Dovey Junction
79%
Porthmadog
79%
Pwllheli
79%
Aberdovey
71%
Bow Street
71%
Harlech
71%
Tywyn
71%
Criccieth
64%
Fairbourne
64%
Llandecwyn
64%
Minffordd
64%
Penrhyndeudraeth
64%
Abererch
57%
Dyffryn Ardudwy
57%
Llanbedr
57%
Morfa Mawddach
57%
Penhelig
57%
Penychain
57%
Talsarnau
57%
Talybont
57%
Tonfanau
57%
Llwyngwril
50%
Llanaber
43%
Llandanwg
43%
Pensarn
43%
Tygwyn
43%
No matching quizzes found
Score Distribution
Percent of People with Each Score
Percentile by Number Answered
Your Score History
You have not taken this quiz